• 首页
  • 本馆介绍
  • 公告通知
  • 最新文献
  • 馆藏检索
  • 电子资源
  • 读者荐购
  • 参考咨询
  • CALIS
  • 我的图书馆
  • 登录
  • 详细信息显示
  • 放入我的书架
  • 预约/预借图书
  • 作者相关作品
  • 分类相关作品
  • 丛书相关作品
  • 出版社相关作品

书目信息

  • 表格格式
  • 工作单格式
  • 卡片格式
题名:
中国传统文化1000问
    
 
作者: 木鱼 编著
分册:  
出版信息: 北京   光明日报出版社  2025.04
页数: 394页
开本: 24cm
丛书名:
单 册:
中图分类: K203
科图分类:
主题词: 中华文化--基本知识
电子资源:
ISBN: 978-7-5194-8574-0
 
 
 
 
 
000 00759nam0 2200229 450
001 013174023
005 20251022201338.40
010    @a978-7-5194-8574-0@dCNY58.00
100    @a20250505d2025 em y0chiy0120 ea
101 0  @achi
102    @aCN@b110000
105    @aa z 000yy
106    @ar
200 1  @a中国传统文化1000问@9zhong guo chuan tong wen hua 1000 wen@f木鱼编著
210    @a北京@c光明日报出版社@d2025.04
215    @a394页@c图@d24cm
330    @a本书分为11章,包括“名人逸事·文化艺术”“衣食住行·生活百态”“历史典故·智慧传承”“礼仪交往·节日习俗”等,共涉及20余个知识版块。
606 0  @a中华文化@x基本知识
690    @aK203@v5
701  0 @a木鱼@9mu yu@4编著
801  0 @aCN@c20250910
905    @a河南城建学院图书馆@dK203@eM951@ZM951@f1
    
    中国传统文化1000问/木鱼编著.-北京:光明日报出版社,2025.04
    394页:图;24cm
    
    
    ISBN 978-7-5194-8574-0:CNY58.00
    本书分为11章,包括“名人逸事·文化艺术”“衣食住行·生活百态”“历史典故·智慧传承”“礼仪交往·节日习俗”等,共涉及20余个知识版块。
●
相关链接 在E读中查询图书 在当当中查询图书 在豆瓣中查询图书


正题名:中国传统文化1000问     索取号:K203/M951         预约/预借

序号 登录号 条形码 馆藏地/架位号 状态 备注
1 1633812   216338121   社科库309/309社科库 105排7列5层/ [索取号:K203/M951] 在馆    
河南城建学院图书馆 欢迎您!
大连网信软件有限公司© 版权所有